000 00336 a2200109 4500
001 ART_19059
005 20260410161920.0
008 260409a
245 1 0 _aPresunciones legales en la determinación impositiva
100 1 _aJarach, Dino
773 0 _tLa información
_g- Tomo XXXVIII, Nº 588 (dic. 1978)
_wREV14902
999 _c27662
_d27662